00814cam a2200265 a 45000010008000000030004000080050017000120080041000290100017000700150010000870200015000970200022001120400018001340500017001520820016001691000018001852450059002032600077002623000027003395000020003665040032003866000022004186500019004408560089004592300027OSt20170203151927.0830126s1981 enk b 001 0 eng  a 80041901  aGB*** a0198274289 a0198274297 (pbk.) aDLCcDLCdDLC00aJC71.P6 198100a321/.072191 aAnnas, Julia.13aAn introduction to Plato's Republic /cby Julia Annas. aOxford :bClarendon Press ;aNew York :bOxford University Press,c1981. aviii, 362 p. ;c22 cm. aIncludes index. aBibliography: p. [355]-359.00aPlato.tRepublic. 2plato republic423Publisher descriptionuhttp://www.loc.gov/catdir/enhancements/fy0603/80041901-d.html